[Event "European Youth Chess Championship G14"]
[Site "Prague, Top Hotel Prague"]
[Date "2012.08.24"]
[Round "8.1"]
[White "Paramzina, Anastasya"]
[Black "Beinenson, Katsiaryna"]
[Result "0-1"]
[WhiteElo "2021"]
[BlackElo "1946"]
[PlyCount "0"]
[EventDate "2012.08.17"]

1. e4 {[%clk 1:30:58]} c5 {[%clk 1:30:57]} 2. Nf3 {[%clk 1:31:18]} Nc6
{[%clk 1:31:23]} 3. d4 {[%clk 1:31:41]} cxd4 {[%clk 1:31:50]} 4. Nxd4
{[%clk 1:32:05]} Qb6 {[%clk 1:32:17]} 5. Nb3 {[%clk 1:32:25]} Nf6
{[%clk 1:32:43]} 6. Nc3 {[%clk 1:32:45]} e6 {[%clk 1:33:09]} 7. Qe2
{[%clk 1:33:04]} Bb4 {[%clk 1:33:24]} 8. Bd2 {[%clk 1:33:07]} O-O
{[%clk 1:33:27]} 9. a3 {[%clk 1:33:20]} Be7 {[%clk 1:33:06]} 10. O-O-O
{[%clk 1:32:56]} d5 {[%clk 1:29:12]} 11. exd5 {[%clk 1:32:31]} Nxd5
{[%clk 1:29:21]} 12. Nxd5 {[%clk 1:30:50]} exd5 {[%clk 1:29:45]} 13. Be3
{[%clk 1:30:28]} Qc7 {[%clk 1:29:03]} 14. Kb1 {[%clk 1:29:58]} Rd8
{[%clk 1:24:17]} 15. g3 {[%clk 1:27:05]} Bf6 {[%clk 1:20:00]} 16. Bf4
{[%clk 1:23:02]} Qb6 {[%clk 1:09:09]} 17. Rxd5 {[%clk 1:20:44]} Be6
{[%clk 1:08:38]} 18. Rxd8+ {[%clk 1:04:38]} Rxd8 {[%clk 1:08:52]} 19. Be3
{[%clk 1:05:01]} Qc7 {[%clk 1:09:01]} 20. Bg2 {[%clk 1:05:09]} Qe5
{[%clk 1:08:56]} 0-1

[Event "European Youth Chess Championship G14"]
[Site "Prague, Top Hotel Prague"]
[Date "2012.08.24"]
[Round "8.2"]
[White "Haussernot, Cecile"]
[Black "Mammadova, Narmin"]
[Result "1-0"]
[WhiteElo "2074"]
[BlackElo "1980"]
[PlyCount "0"]
[EventDate "2012.08.17"]

1. e4 {[%clk 1:30:59]} c6 {[%clk 1:30:51]} 2. d4 {[%clk 1:31:25]} d5
{[%clk 1:31:17]} 3. e5 {[%clk 1:30:58]} Bf5 {[%clk 1:31:39]} 4. h4
{[%clk 1:30:50]} Bc8 {[%clk 1:15:17]} 5. Bd3 {[%clk 1:29:07]} e6 {[%clk 1:14:02]}
6. f4 {[%clk 1:26:55]} Qb6 {[%clk 1:12:29]} 7. Nf3 {[%clk 1:26:33]} c5
{[%clk 1:11:35]} 8. c3 {[%clk 1:26:17]} Nc6 {[%clk 1:11:46]} 9. dxc5
{[%clk 1:23:48]} Bxc5 {[%clk 1:11:45]} 10. Qe2 {[%clk 1:23:49]} Bd7
{[%clk 0:58:14]} 11. b4 {[%clk 1:22:04]} Be7 {[%clk 0:57:32]} 12. Be3
{[%clk 1:22:06]} Qc7 {[%clk 0:57:20]} 13. Nbd2 {[%clk 1:22:23]} Nh6
{[%clk 0:54:22]} 14. Nd4 {[%clk 1:20:04]} Qd8 {[%clk 0:48:11]} 15. N2f3
{[%clk 1:16:42]} Rc8 {[%clk 0:38:58]} 16. Nxc6 {[%clk 1:16:54]} Rxc6
{[%clk 0:38:09]} 17. Bd4 {[%clk 1:16:55]} Nf5 {[%clk 0:37:31]} 18. Bxf5
{[%clk 1:14:10]} exf5 {[%clk 0:37:59]} 19. Qd2 {[%clk 1:12:54]} O-O
{[%clk 0:33:08]} 20. h5 {[%clk 1:11:31]} h6 {[%clk 0:31:30]} 21. Rh3
{[%clk 1:10:58]} Be6 {[%clk 0:30:12]} 22. a4 {[%clk 1:05:47]} a5 {[%clk 0:29:50]}
23. b5 {[%clk 1:05:43]} Rc4 {[%clk 0:29:52]} 24. Qe3 {[%clk 1:06:07]} Qd7
{[%clk 0:25:17]} 25. Nd2 {[%clk 1:05:01]} Rcc8 {[%clk 0:25:20]} 26. Ke2
{[%clk 1:04:30]} Rce8 {[%clk 0:22:15]} 27. Bb6 {[%clk 1:02:11]} Qc8
{[%clk 0:20:11]} 28. Bxa5 {[%clk 0:59:31]} f6 {[%clk 0:17:27]} 29. Nf3
{[%clk 0:55:54]} Qc4+ {[%clk 0:14:50]} 30. Qd3 {[%clk 0:54:28]} Qxf4
{[%clk 0:10:22]} 31. Bc7 {[%clk 0:50:47]} Qg4 {[%clk 0:05:20]} 32. Kf1
{[%clk 0:49:22]} Qe4 {[%clk 0:04:58]} 33. Rd1 {[%clk 0:49:13]} Qxa4
{[%clk 0:01:55]} 34. Nd4 {[%clk 0:47:35]} Bd7 {[%clk 0:01:39]} 35. e6
{[%clk 0:47:42]} Bc8 {[%clk 0:01:45]} 36. Nxf5 {[%clk 0:48:10]} Bxe6
{[%clk 0:01:34]} 37. Rh4 {[%clk 0:44:22]} Qb3 {[%clk 0:00:33]} 38. Nd4
{[%clk 0:44:14]} Qb2 {[%clk 0:00:35]} 39. Nxe6 {[%clk 0:44:30]} f5
{[%clk 0:00:34]} 40. Rh3 {[%clk 1:13:29]} Rf6 {[%clk 0:30:36]} 41. Qxd5
{[%clk 1:13:42]} Kh7 {[%clk 0:23:42]} 42. Rg3 {[%clk 1:13:14]} Bf8
{[%clk 0:23:02]} 43. Nxf8+ {[%clk 1:13:19]} Rexf8 {[%clk 0:22:21]} 44. Be5
{[%clk 1:13:34]} R6f7 {[%clk 0:22:37]} 45. Qe6 {[%clk 1:13:25]} Qxb5+
{[%clk 0:15:19]} 46. c4 {[%clk 1:13:49]} Qa5 {[%clk 0:11:32]} 47. Qg6+
{[%clk 1:14:01]} Kg8 {[%clk 0:11:57]} 48. Bxg7 {[%clk 1:14:10]} 1-0

[Event "European Youth Chess Championship G14"]
[Site "Prague, Top Hotel Prague"]
[Date "2012.08.24"]
[Round "8.3"]
[White "Vasenina, Anna"]
[Black "Kisteneva, Liza"]
[Result "1/2-1/2"]
[WhiteElo "1978"]
[BlackElo "2040"]
[PlyCount "0"]
[EventDate "2012.08.17"]

1. d4 {[%clk 1:30:56]} Nf6 {[%clk 1:30:35]} 2. Nf3 {[%clk 1:31:19]} e6
{[%clk 1:30:51]} 3. e3 {[%clk 1:31:40]} c5 {[%clk 1:26:24]} 4. Bd3
{[%clk 1:31:53]} d5 {[%clk 1:26:24]} 5. b3 {[%clk 1:32:11]} Nc6 {[%clk 1:25:24]}
6. O-O {[%clk 1:32:15]} Qc7 {[%clk 1:24:16]} 7. a3 {[%clk 1:31:11]} b6
{[%clk 1:24:14]} 8. Bb2 {[%clk 1:30:56]} Be7 {[%clk 1:23:32]} 9. Nbd2
{[%clk 1:31:02]} O-O {[%clk 1:22:52]} 10. Ne5 {[%clk 1:30:36]} Nxe5
{[%clk 1:18:00]} 11. dxe5 {[%clk 1:30:59]} Nd7 {[%clk 1:18:24]} 12. f4
{[%clk 1:31:08]} Rd8 {[%clk 1:16:59]} 13. Qh5 {[%clk 1:28:43]} g6
{[%clk 1:17:02]} 14. Qh6 {[%clk 1:26:42]} Bf8 {[%clk 1:17:09]} 15. Qh4
{[%clk 1:26:49]} Bg7 {[%clk 1:15:00]} 16. Rf3 {[%clk 1:24:54]} Bb7
{[%clk 1:14:00]} 17. Rh3 {[%clk 1:25:05]} Nf8 {[%clk 1:14:06]} 18. Rf1
{[%clk 1:21:25]} a6 {[%clk 1:10:40]} 19. e4 {[%clk 1:19:28]} b5 {[%clk 1:05:51]}
20. exd5 {[%clk 0:56:54]} Bxd5 {[%clk 1:04:23]} 21. Be4 {[%clk 0:56:04]} c4
{[%clk 1:00:24]} 22. bxc4 {[%clk 0:53:03]} bxc4 {[%clk 1:00:07]} 23. Bc3
{[%clk 0:53:21]} a5 {[%clk 0:57:48]} 24. Bxd5 {[%clk 0:52:50]} Qc5+
{[%clk 0:54:21]} 25. Kh1 {[%clk 0:53:12]} exd5 {[%clk 0:51:43]} 26. f5
{[%clk 0:44:29]} d4 {[%clk 0:44:37]} 27. f6 {[%clk 0:37:22]} dxc3
{[%clk 0:37:55]} 28. fxg7 {[%clk 0:26:25]} Rxd2 {[%clk 0:29:24]} 29. gxf8=Q+
{[%clk 0:26:47]} Kxf8 {[%clk 0:29:48]} 30. Qxh7 {[%clk 0:25:16]} Qf2
{[%clk 0:26:28]} 31. Qh8+ {[%clk 0:25:41]} Ke7 {[%clk 0:26:45]} 32. Qf6+
{[%clk 0:26:06]} Qxf6 {[%clk 0:27:10]} 33. exf6+ {[%clk 0:26:33]} Kd6
{[%clk 0:27:13]} 34. Rxc3 {[%clk 0:26:53]} Kd5 {[%clk 0:26:19]} 35. Re3
{[%clk 0:24:48]} Rxc2 {[%clk 0:23:35]} 36. Re7 {[%clk 0:25:02]} Rf8
{[%clk 0:22:32]} 37. Ra7 {[%clk 0:25:06]} c3 {[%clk 0:22:22]} 38. Rxa5+
{[%clk 0:24:54]} Kc4 {[%clk 0:22:30]} 39. Ra7 {[%clk 0:22:23]} Kb3
{[%clk 0:21:24]} 40. Rb7+ {[%clk 0:42:06]} Ka2 {[%clk 0:48:26]} 41. Kg1
{[%clk 0:39:49]} 1/2-1/2

[Event "European Youth Chess Championship G14"]
[Site "Prague, Top Hotel Prague"]
[Date "2012.08.24"]
[Round "8.4"]
[White "Rodionova, Daria"]
[Black "Dyakonova, Ekaterina"]
[Result "1-0"]
[WhiteElo "2074"]
[BlackElo "1921"]
[PlyCount "0"]
[EventDate "2012.08.17"]

1. e4 {[%clk 1:30:59]} c5 {[%clk 1:30:57]} 2. Nf3 {[%clk 1:31:22]} Nc6
{[%clk 1:31:25]} 3. d4 {[%clk 1:31:39]} cxd4 {[%clk 1:31:52]} 4. Nxd4
{[%clk 1:32:04]} Nf6 {[%clk 1:32:20]} 5. Nc3 {[%clk 1:32:26]} e6 {[%clk 1:32:47]}
6. Ndb5 {[%clk 1:32:08]} Bc5 {[%clk 1:33:12]} 7. Nd6+ {[%clk 1:29:58]} Ke7
{[%clk 1:33:38]} 8. Bf4 {[%clk 1:23:45]} e5 {[%clk 1:34:04]} 9. Nf5+
{[%clk 1:23:05]} Kf8 {[%clk 1:34:28]} 10. Be3 {[%clk 1:20:41]} Bb4
{[%clk 1:30:16]} 11. a3 {[%clk 1:16:22]} Bxc3+ {[%clk 1:13:54]} 12. bxc3
{[%clk 1:16:47]} d5 {[%clk 1:14:10]} 13. f3 {[%clk 0:51:43]} Bxf5
{[%clk 1:04:12]} 14. exf5 {[%clk 0:51:59]} h6 {[%clk 0:58:40]} 15. Kf2
{[%clk 0:43:57]} Kg8 {[%clk 0:48:59]} 16. g4 {[%clk 0:40:19]} d4 {[%clk 0:42:29]}
17. cxd4 {[%clk 0:31:34]} exd4 {[%clk 0:42:55]} 18. Bd2 {[%clk 0:31:43]} Nd5
{[%clk 0:38:27]} 19. h4 {[%clk 0:29:22]} h5 {[%clk 0:33:56]} 20. g5
{[%clk 0:26:50]} g6 {[%clk 0:31:10]} 21. Qb1 {[%clk 0:20:36]} Qd7
{[%clk 0:21:06]} 22. fxg6 {[%clk 0:19:32]} fxg6 {[%clk 0:21:28]} 23. Bh3
{[%clk 0:19:48]} Qf7 {[%clk 0:14:23]} 24. Re1 {[%clk 0:19:39]} Re8
{[%clk 0:11:44]} 25. Rxe8+ {[%clk 0:17:29]} Qxe8 {[%clk 0:12:10]} 26. Qb3
{[%clk 0:17:52]} Qe5 {[%clk 0:10:27]} 27. f4 {[%clk 0:17:38]} Qd6
{[%clk 0:10:12]} 28. Re1 {[%clk 0:17:16]} Nce7 {[%clk 0:08:47]} 29. Re6
{[%clk 0:12:32]} Qc7 {[%clk 0:06:55]} 30. Bg2 {[%clk 0:11:34]} Qd7
{[%clk 0:06:04]} 31. Bxd5 {[%clk 0:10:31]} Qxd5 {[%clk 0:05:12]} 32. Rxe7
{[%clk 0:10:56]} 1-0

[Event "European Youth Chess Championship G14"]
[Site "Prague, Top Hotel Prague"]
[Date "2012.08.24"]
[Round "8.5"]
[White "Egyed, Viktoria"]
[Black "Khomeriki, Nino"]
[Result "0-1"]
[WhiteElo "1748"]
[BlackElo "2030"]
[PlyCount "0"]
[EventDate "2012.08.17"]

1. e4 {[%clk 1:30:56]} c5 {[%clk 1:30:47]} 2. Nf3 {[%clk 1:31:08]} d6
{[%clk 1:30:55]} 3. d4 {[%clk 1:31:18]} cxd4 {[%clk 1:31:07]} 4. Nxd4
{[%clk 1:31:35]} Nf6 {[%clk 1:31:07]} 5. Nc3 {[%clk 1:31:45]} Nc6
{[%clk 1:31:09]} 6. Be3 {[%clk 1:27:21]} e5 {[%clk 1:31:09]} 7. Nb3
{[%clk 1:21:45]} Be6 {[%clk 1:30:51]} 8. Be2 {[%clk 1:15:16]} Be7
{[%clk 1:30:37]} 9. Qd2 {[%clk 1:11:11]} O-O {[%clk 1:27:12]} 10. f3
{[%clk 1:00:28]} d5 {[%clk 1:24:49]} 11. exd5 {[%clk 0:59:13]} Nxd5
{[%clk 1:25:08]} 12. Nxd5 {[%clk 0:58:26]} Qxd5 {[%clk 1:23:08]} 13. Qxd5
{[%clk 0:51:14]} Bxd5 {[%clk 1:23:37]} 14. Kf2 {[%clk 0:48:27]} b6
{[%clk 1:19:44]} 15. Rhd1 {[%clk 0:46:51]} Be6 {[%clk 1:16:43]} 16. c3
{[%clk 0:42:06]} f5 {[%clk 1:14:04]} 17. f4 {[%clk 0:36:50]} g5 {[%clk 0:54:01]}
18. fxe5 {[%clk 0:30:47]} Nxe5 {[%clk 0:52:36]} 19. Kg1 {[%clk 0:29:19]} Rad8
{[%clk 0:50:12]} 20. Nd4 {[%clk 0:27:53]} Bd5 {[%clk 0:48:22]} 21. Rac1
{[%clk 0:25:17]} f4 {[%clk 0:45:46]} 22. Bf2 {[%clk 0:20:23]} g4 {[%clk 0:34:08]}
23. Re1 {[%clk 0:17:18]} f3 {[%clk 0:14:00]} 24. Bb5 {[%clk 0:17:23]} Bd6
{[%clk 0:13:14]} 25. c4 {[%clk 0:12:35]} Bb7 {[%clk 0:12:29]} 26. Ne6
{[%clk 0:12:36]} fxg2 {[%clk 0:12:25]} 27. Red1 {[%clk 0:09:04]} Nf3+
{[%clk 0:10:48]} 28. Kxg2 {[%clk 0:09:24]} Ng5+ {[%clk 0:09:03]} 29. Kg1
{[%clk 0:06:11]} Nh3+ {[%clk 0:09:00]} 30. Kf1 {[%clk 0:06:31]} Rxf2+
{[%clk 0:09:06]} 31. Ke1 {[%clk 0:06:54]} Bb4+ {[%clk 0:09:25]} 32. Rc3
{[%clk 0:06:58]} Bxc3+ {[%clk 0:09:17]} 33. bxc3 {[%clk 0:07:19]} Rxd1+
{[%clk 0:08:35]} 0-1

[Event "European Youth Chess Championship G14"]
[Site "Prague, Top Hotel Prague"]
[Date "2012.08.24"]
[Round "8.6"]
[White "Harazinska, Ewa"]
[Black "Egorova, Ayyyna"]
[Result "1-0"]
[WhiteElo "1975"]
[BlackElo "1833"]
[PlyCount "0"]
[EventDate "2012.08.17"]

1. d4 {[%clk 1:30:58]} f5 {[%clk 1:30:49]} 2. Nf3 {[%clk 1:31:23]} Nf6
{[%clk 1:31:07]} 3. c4 {[%clk 1:31:48]} g6 {[%clk 1:31:28]} 4. g3
{[%clk 1:32:13]} Bg7 {[%clk 1:31:54]} 5. Bg2 {[%clk 1:32:40]} O-O
{[%clk 1:32:18]} 6. O-O {[%clk 1:33:06]} d6 {[%clk 1:32:44]} 7. Nc3
{[%clk 1:33:33]} Qe8 {[%clk 1:33:04]} 8. Re1 {[%clk 1:33:57]} e5 {[%clk 1:32:38]}
9. dxe5 {[%clk 1:34:22]} dxe5 {[%clk 1:33:03]} 10. e4 {[%clk 1:34:50]} f4
{[%clk 1:30:35]} 11. gxf4 {[%clk 1:35:13]} exf4 {[%clk 1:27:25]} 12. e5
{[%clk 1:06:08]} Nfd7 {[%clk 1:21:17]} 13. e6 {[%clk 0:59:38]} Nf6
{[%clk 1:12:36]} 14. e7 {[%clk 0:40:09]} Rf7 {[%clk 1:12:44]} 15. Nd5
{[%clk 0:39:30]} Nxd5 {[%clk 1:08:44]} 16. Qxd5 {[%clk 0:39:54]} Bf6
{[%clk 1:01:44]} 17. Bxf4 {[%clk 0:38:43]} c6 {[%clk 1:00:39]} 18. Qd8
{[%clk 0:38:44]} Qxd8 {[%clk 1:00:03]} 19. exd8=Q+ {[%clk 0:39:07]} Bxd8
{[%clk 1:00:28]} 20. Bh6 {[%clk 0:27:24]} Bd7 {[%clk 0:52:38]} 21. Ne5
{[%clk 0:27:41]} Re7 {[%clk 0:52:45]} 22. Bg5 {[%clk 0:27:41]} Rxe5
{[%clk 0:40:58]} 23. Rxe5 {[%clk 0:28:02]} Bxg5 {[%clk 0:41:24]} 24. Rxg5
{[%clk 0:28:26]} Bf5 {[%clk 0:41:38]} 25. Rd1 {[%clk 0:28:24]} Na6
{[%clk 0:41:28]} 26. Rg3 {[%clk 0:28:44]} Nc5 {[%clk 0:40:00]} 27. b4
{[%clk 0:28:07]} Ne6 {[%clk 0:38:27]} 28. Bh3 {[%clk 0:28:05]} Bxh3
{[%clk 0:38:20]} 29. Rxh3 {[%clk 0:28:33]} Nf4 {[%clk 0:38:27]} 30. Re3
{[%clk 0:28:31]} a5 {[%clk 0:37:43]} 31. bxa5 {[%clk 0:27:23]} Rxa5
{[%clk 0:37:22]} 32. Re7 {[%clk 0:27:22]} Kf8 {[%clk 0:37:31]} 33. Rxh7
{[%clk 0:25:48]} Ke8 {[%clk 0:37:28]} 34. Rd2 {[%clk 0:19:33]} Ra4
{[%clk 0:36:12]} 35. Rc2 {[%clk 0:18:27]} Rb4 {[%clk 0:34:54]} 36. h4
{[%clk 0:18:44]} c5 {[%clk 0:34:22]} 37. Kh2 {[%clk 0:18:23]} b5 {[%clk 0:34:25]}
38. cxb5 {[%clk 0:17:24]} Rxb5 {[%clk 0:34:47]} 39. Rc4 {[%clk 0:15:41]} Nd3
{[%clk 0:34:50]} 40. Re4+ {[%clk 0:45:01]} Kd8 {[%clk 1:03:52]} 41. Ree7
{[%clk 0:45:06]} 1-0

[Event "European Youth Chess Championship G14"]
[Site "Prague, Top Hotel Prague"]
[Date "2012.08.24"]
[Round "8.7"]
[White "Vidic, Teja"]
[Black "Heinemann, Josefine"]
[Result "0-1"]
[WhiteElo "1888"]
[BlackElo "1839"]
[PlyCount "0"]
[EventDate "2012.08.17"]

1. e4 {[%clk 1:30:58]} c5 {[%clk 1:30:53]} 2. c3 {[%clk 1:31:17]} Nf6
{[%clk 1:31:15]} 3. e5 {[%clk 1:31:40]} Nd5 {[%clk 1:31:40]} 4. d4
{[%clk 1:32:06]} cxd4 {[%clk 1:32:04]} 5. Nf3 {[%clk 1:32:28]} Nc6
{[%clk 1:32:28]} 6. cxd4 {[%clk 1:32:54]} d6 {[%clk 1:32:54]} 7. Bc4
{[%clk 1:33:04]} e6 {[%clk 1:33:17]} 8. O-O {[%clk 1:32:57]} Be7 {[%clk 1:33:39]}
9. Qe2 {[%clk 1:33:18]} O-O {[%clk 1:33:47]} 10. Qe4 {[%clk 1:33:20]} Bd7
{[%clk 1:33:46]} 11. Re1 {[%clk 1:32:03]} Qb6 {[%clk 1:26:59]} 12. Qg4
{[%clk 1:16:41]} Rfd8 {[%clk 1:16:47]} 13. Bh6 {[%clk 1:14:43]} Bf8
{[%clk 1:12:53]} 14. Bg5 {[%clk 1:04:38]} Be7 {[%clk 1:06:47]} 15. Bh6
{[%clk 1:02:09]} Bf8 {[%clk 1:07:10]} 16. Nbd2 {[%clk 0:59:59]} Kh8
{[%clk 1:02:00]} 17. Ng5 {[%clk 0:45:18]} Be8 {[%clk 0:50:42]} 18. Qe4
{[%clk 0:37:16]} f5 {[%clk 0:45:44]} 19. Qh4 {[%clk 0:27:00]} gxh6
{[%clk 0:36:22]} 20. Nxe6 {[%clk 0:27:18]} Bf7 {[%clk 0:35:49]} 21. Bxd5
{[%clk 0:19:49]} Bxe6 {[%clk 0:33:06]} 22. Bxc6 {[%clk 0:18:26]} Qxc6
{[%clk 0:28:27]} 23. Qf6+ {[%clk 0:18:49]} Bg7 {[%clk 0:28:53]} 24. Qxe6
{[%clk 0:18:57]} dxe5 {[%clk 0:29:05]} 25. Qxf5 {[%clk 0:18:40]} exd4
{[%clk 0:27:19]} 26. Re7 {[%clk 0:16:54]} Rf8 {[%clk 0:22:15]} 27. Qd3
{[%clk 0:12:51]} Rxf2 {[%clk 0:19:09]} 28. Nf3 {[%clk 0:12:27]} Rxb2
{[%clk 0:19:01]} 29. Rae1 {[%clk 0:09:57]} Rg8 {[%clk 0:17:48]} 30. Nh4
{[%clk 0:07:28]} Qc2 {[%clk 0:14:46]} 31. Qh3 {[%clk 0:03:59]} Rb1
{[%clk 0:09:58]} 32. Nf5 {[%clk 0:01:55]} d3 {[%clk 0:07:48]} 33. Nxh6
{[%clk 0:00:59]} Rxe1+ {[%clk 0:08:13]} 34. Rxe1 {[%clk 0:01:26]} Bxh6
{[%clk 0:08:15]} 35. Qxh6 {[%clk 0:01:50]} Qxg2# {[%clk 0:08:41]} 0-1

[Event "European Youth Chess Championship G14"]
[Site "Prague, Top Hotel Prague"]
[Date "2012.08.24"]
[Round "8.8"]
[White "Sucikova, Svetlana"]
[Black "Wozniak, Mariola"]
[Result "1/2-1/2"]
[WhiteElo "1843"]
[BlackElo "1966"]
[PlyCount "0"]
[EventDate "2012.08.17"]

1. c4 {[%clk 1:30:56]} Nf6 {[%clk 1:30:44]} 2. Nc3 {[%clk 1:31:02]} g6
{[%clk 1:31:11]} 3. g3 {[%clk 1:30:52]} Bg7 {[%clk 1:31:36]} 4. Bg2
{[%clk 1:30:58]} O-O {[%clk 1:31:26]} 5. d3 {[%clk 1:30:52]} c5 {[%clk 1:29:36]}
6. Nf3 {[%clk 1:28:51]} Nc6 {[%clk 1:29:27]} 7. O-O {[%clk 1:28:43]} d6
{[%clk 1:28:50]} 8. Rb1 {[%clk 1:26:26]} Bd7 {[%clk 1:17:13]} 9. a3
{[%clk 1:20:22]} a6 {[%clk 1:15:47]} 10. b4 {[%clk 1:08:23]} cxb4
{[%clk 1:05:35]} 11. axb4 {[%clk 1:08:18]} b5 {[%clk 1:01:40]} 12. cxb5
{[%clk 1:02:16]} axb5 {[%clk 1:02:05]} 13. Nxb5 {[%clk 0:51:31]} Nd5
{[%clk 0:57:10]} 14. Bb2 {[%clk 0:50:56]} Bxb2 {[%clk 0:48:51]} 15. Qb3
{[%clk 0:37:57]} Ncxb4 {[%clk 0:38:30]} 16. Qxb2 {[%clk 0:28:20]} Bxb5
{[%clk 0:37:55]} 17. Nd4 {[%clk 0:23:39]} Ba6 {[%clk 0:34:39]} 18. Qb3
{[%clk 0:18:48]} e6 {[%clk 0:33:45]} 19. e4 {[%clk 0:14:36]} Ne7 {[%clk 0:27:06]}
20. Nxe6 {[%clk 0:09:10]} fxe6 {[%clk 0:25:48]} 21. Qxe6+ {[%clk 0:09:38]} Kh8
{[%clk 0:24:36]} 22. Rxb4 {[%clk 0:10:04]} Nc6 {[%clk 0:20:12]} 23. Rb2
{[%clk 0:09:23]} Nd4 {[%clk 0:18:53]} 24. Qd5 {[%clk 0:08:55]} Qf6
{[%clk 0:17:55]} 25. Rb6 {[%clk 0:08:39]} Qe5 {[%clk 0:05:05]} 26. Rxd6
{[%clk 0:07:00]} Qxd5 {[%clk 0:05:25]} 27. Rxd5 {[%clk 0:07:23]} Rad8
{[%clk 0:05:29]} 28. Rxd8 {[%clk 0:03:56]} Rxd8 {[%clk 0:05:55]} 29. f3
{[%clk 0:04:14]} Bxd3 {[%clk 0:06:06]} 30. Ra1 {[%clk 0:04:28]} Rb8
{[%clk 0:05:20]} 31. f4 {[%clk 0:04:49]} Rb2 {[%clk 0:05:07]} 32. e5
{[%clk 0:04:46]} Kg7 {[%clk 0:04:04]} 33. Rd1 {[%clk 0:04:34]} Ne2+
{[%clk 0:03:38]} 34. Kh1 {[%clk 0:04:48]} Bb5 {[%clk 0:03:59]} 35. Bf3
{[%clk 0:04:38]} Nc3 {[%clk 0:01:45]} 36. Rc1 {[%clk 0:04:45]} Nb1
{[%clk 0:01:33]} 37. Bd5 {[%clk 0:03:58]} Nd2 {[%clk 0:00:54]} 38. Kg1
{[%clk 0:03:45]} Rb1 {[%clk 0:00:45]} 39. Rxb1 {[%clk 0:03:44]} Nxb1
{[%clk 0:01:13]} 40. Kf2 {[%clk 0:33:11]} Nc3 {[%clk 0:31:31]} 41. Bb3
{[%clk 0:33:09]} Bd7 {[%clk 0:30:08]} 42. Kg2 {[%clk 0:31:33]} Bc6+
{[%clk 0:29:19]} 43. Kf2 {[%clk 0:30:06]} Bd5 {[%clk 0:29:29]} 44. Bc2
{[%clk 0:30:14]} Be6 {[%clk 0:26:33]} 45. Kg2 {[%clk 0:29:40]} Nd5
{[%clk 0:26:25]} 46. Ba4 {[%clk 0:25:59]} Kf8 {[%clk 0:22:56]} 47. Kf3
{[%clk 0:26:03]} Ke7 {[%clk 0:19:30]} 48. g4 {[%clk 0:25:50]} Kd8
{[%clk 0:19:02]} 49. Bc2 {[%clk 0:25:34]} Ne7 {[%clk 0:16:52]} 50. Kg3
{[%clk 0:24:55]} Kc7 {[%clk 0:15:52]} 51. Kh4 {[%clk 0:24:28]} h6
{[%clk 0:15:11]} 52. Be4 {[%clk 0:22:34]} Kb6 {[%clk 0:14:32]} 53. f5
{[%clk 0:17:14]} gxf5 {[%clk 0:12:13]} 54. gxf5 {[%clk 0:17:39]} Bxf5
{[%clk 0:09:32]} 55. Bxf5 {[%clk 0:18:04]} Nxf5+ {[%clk 0:09:57]} 56. Kh5
{[%clk 0:18:30]} Kc6 {[%clk 0:10:22]} 57. Kg6 {[%clk 0:18:56]} Ne7+
{[%clk 0:10:40]} 58. Kxh6 {[%clk 0:19:20]} Kd5 {[%clk 0:11:07]} 59. Kg5
{[%clk 0:19:11]} Kxe5 {[%clk 0:11:24]} 60. h4 {[%clk 0:19:10]} 1/2-1/2

[Event "European Youth Chess Championship G14"]
[Site "Prague, Top Hotel Prague"]
[Date "2012.08.24"]
[Round "8.9"]
[White "Malatsilava, Volha"]
[Black "Temel, Burcu Melis"]
[Result "1-0"]
[WhiteElo "1926"]
[BlackElo "1615"]
[PlyCount "0"]
[EventDate "2012.08.17"]

1. e4 {[%clk 1:30:57]} c5 {[%clk 1:30:55]} 2. Nf3 {[%clk 1:31:22]} e6
{[%clk 1:31:21]} 3. d4 {[%clk 1:31:45]} cxd4 {[%clk 1:31:47]} 4. Nxd4
{[%clk 1:32:11]} Nf6 {[%clk 1:32:14]} 5. Nc3 {[%clk 1:32:34]} Nc6
{[%clk 1:32:40]} 6. Be2 {[%clk 1:32:24]} Bb4 {[%clk 1:32:48]} 7. Nxc6
{[%clk 1:23:34]} bxc6 {[%clk 1:32:55]} 8. Bd2 {[%clk 1:21:22]} d5
{[%clk 1:23:58]} 9. exd5 {[%clk 1:18:43]} cxd5 {[%clk 1:20:57]} 10. Bb5+
{[%clk 1:18:49]} Bd7 {[%clk 1:21:07]} 11. Bxd7+ {[%clk 1:17:04]} Qxd7
{[%clk 1:21:15]} 12. O-O {[%clk 1:17:26]} O-O {[%clk 1:21:04]} 13. a3
{[%clk 1:16:52]} Bd6 {[%clk 1:21:02]} 14. Bg5 {[%clk 1:16:20]} h6
{[%clk 1:05:23]} 15. Bxf6 {[%clk 1:14:49]} gxf6 {[%clk 1:02:30]} 16. Qg4+
{[%clk 1:07:40]} Kh7 {[%clk 1:02:17]} 17. Rad1 {[%clk 1:07:55]} Rg8
{[%clk 1:02:18]} 18. Qh3 {[%clk 1:08:17]} Rg6 {[%clk 1:01:30]} 19. Nxd5
{[%clk 1:02:05]} Qc6 {[%clk 1:01:20]} 20. Ne3 {[%clk 0:59:38]} Rag8
{[%clk 1:00:40]} 21. g3 {[%clk 0:41:40]} Bc5 {[%clk 0:49:16]} 22. Qg2
{[%clk 0:37:51]} Qc7 {[%clk 0:48:27]} 23. Rd3 {[%clk 0:35:15]} Bxe3
{[%clk 0:47:32]} 24. Rxe3 {[%clk 0:35:40]} f5 {[%clk 0:43:07]} 25. Rc3
{[%clk 0:32:44]} Qb6 {[%clk 0:43:12]} 26. Rb3 {[%clk 0:32:55]} Qc5
{[%clk 0:41:57]} 27. Rb7 {[%clk 0:32:06]} R8g7 {[%clk 0:42:16]} 28. b4
{[%clk 0:29:51]} Qd4 {[%clk 0:41:35]} 29. Qf3 {[%clk 0:28:35]} f4
{[%clk 0:36:20]} 30. Kh1 {[%clk 0:26:47]} e5 {[%clk 0:32:06]} 31. Rd1
{[%clk 0:25:32]} Qc4 {[%clk 0:32:26]} 32. Qd5 {[%clk 0:22:45]} Qxc2
{[%clk 0:30:53]} 33. Rxa7 {[%clk 0:20:35]} f5 {[%clk 0:22:29]} 34. Rxg7+
{[%clk 0:14:55]} Rxg7 {[%clk 0:22:58]} 35. Kg2 {[%clk 0:14:03]} fxg3
{[%clk 0:21:02]} 36. hxg3 {[%clk 0:14:28]} Qe2 {[%clk 0:21:03]} 37. Qf3
{[%clk 0:13:24]} Qc2 {[%clk 0:20:27]} 38. Rd8 {[%clk 0:10:23]} f4
{[%clk 0:18:15]} 39. Qd3+ {[%clk 0:09:42]} 1-0